| 000 | 00819nam a22001815i 4500 | ||
|---|---|---|---|
| 001 | 165840 | ||
| 003 | ES-MaACL | ||
| 005 | 20230906213220.0 | ||
| 008 | 960520s1884 sp |||| | spa d | ||
| 040 |
_aCLM _bspa _cCCPB | SIC |
||
| 110 | 2 |
_aInstituto de Enseñanza Media Cardenal Cisneros (Madrid) _94869 |
|
| 245 | 1 | 0 |
_aMemoria acerca del estado del Instituto del Cardenal Cisneros durante el curso de 1883 á 1884 / _cescrita por Hemeterio Suaña y Castellet. |
| 260 |
_aMadrid : _b[s.n.], _c1884 ( _fEstablecimiento Tipográfico "Sucesores de Rivadeneyra") |
||
| 300 |
_a156 p. ; _c24 cm. |
||
| 610 | 2 | 4 |
_aInstituto de Enseñanza Media Cardenal Cisneros (Madrid)- _vMemorias. _9144969 |
| 700 | 1 |
_aSuaña y Castellet, Hemeterio. _9132945 |
|
| 852 |
_aES-MaACL _jT-464-F-5 _z-- Enc. hol. _z-- Enc. en un vol. facticio |
||
| 999 |
_c165840 _d165840 |
||